| 000 | 00666nam a22002417a 4500 | ||
|---|---|---|---|
| 001 | BR7375405 | ||
| 003 | BR-BrBNA | ||
| 005 | 20240926113611.0 | ||
| 008 | 230509b bl.||||| |||| 00| 0 por d | ||
| 040 |
_aBR-BrBNA _bpor |
||
| 041 | _a(Por) | ||
| 072 |
_aC00; E10 _b/G514 |
||
| 090 |
_aC00 _bBR7375405 |
||
| 110 | 1 |
_aAssociação Brasileira de Educação Agrícola Superior, Rio de Janeiro _9278 |
|
| 245 | 1 | _aDemanda de pós-graduados em Ciências Agrárias / | |
| 300 | _a411 p. | ||
| 650 | _aSALARIO | ||
| 650 | _aCIÊNCIAS AGRÁRIAS | ||
| 650 | _aDEMANDA | ||
| 909 |
_a09/2024 _bSARAH |
||
| 942 | _cBK | ||
| 999 |
_c18815 _d18815 |
||